000 00310nam a2200133 i 4500
001 bg
245 0 _aMetody gruntów spoistych /
_cP.red.nauk. B.Grabowskiej.
250 _aWyd.2.
260 _aWarszawa,
_c1980.
040 _cBPK
041 _apol
942 _cKS
008 s pl f |000 0 pol
999 _c19924
_d19924
856 _uhttp://koha.tu.koszalin.pl/cgi-bin/koha/opac-detail.pl?biblionumber=19924
_yKatalog online BPK